| 000 | 00703cam a2200205 4500 | ||
|---|---|---|---|
| 001 | ABS62924 | ||
| 008 | 000000n2000 000 0 eng u | ||
| 035 | _a(Sirsi) u108354 | ||
| 100 | _aWatson, S. | ||
| 245 | _aPaddington bared | ||
| 260 | _c2000 | ||
| 490 |
_aProperty Week _v65(33) 25 August 2000, 32-34(3) |
||
| 520 | _aProvides an overview of the negotiations behind plans to revive the Paddington basin area of London. Follows developments since the first planning application in 1981 to the present deal involving Regalian in May 2000. | ||
| 590 | _aABS | ||
| 650 | _aPADDINGTON BASIN | ||
| 650 | _aWEST LONDON | ||
| 650 | _aURBAN REGENERATION | ||
| 690 | _aREGENERATION | ||
| 942 | _n0 | ||
| 999 |
_c64687 _d64687 |
||